Development and Climate Change/ (Record no. 13636)
[ view plain ]
| 000 -LEADER | |
|---|---|
| fixed length control field | 02052cam a22003735a 4500 |
| 001 - CONTROL NUMBER | |
| control field | 16059647 |
| 005 - DATE AND TIME OF LATEST TRANSACTION | |
| control field | 20100122140802.0 |
| 008 - FIXED-LENGTH DATA ELEMENTS--GENERAL INFORMATION | |
| fixed length control field | 100119s2010 wauab |rb i001 0 eng d |
| 010 ## - LIBRARY OF CONGRESS CONTROL NUMBER | |
| LC control number | 2010275385 |
| 020 ## - INTERNATIONAL STANDARD BOOK NUMBER | |
| International Standard Book Number | 9780821379875 |
| 020 ## - INTERNATIONAL STANDARD BOOK NUMBER | |
| International Standard Book Number | 0821379879 |
| 035 ## - SYSTEM CONTROL NUMBER | |
| System control number | (OCoLC)ocn377809005 |
| 040 ## - CATALOGING SOURCE | |
| Original cataloging agency | BTCTA |
| Transcribing agency | BTCTA |
| Modifying agency | JFL |
| -- | OUB |
| -- | NLGGC |
| -- | DLC |
| 042 ## - AUTHENTICATION CODE | |
| Authentication code | lccopycat |
| 043 ## - GEOGRAPHIC AREA CODE | |
| Geographic area code | x------ |
| 082 04 - DEWEY DECIMAL CLASSIFICATION NUMBER | |
| Classification number | 363.7 |
| Edition number | 22 |
| Item number | CLI |
| 084 ## - OTHER CLASSIFICATION NUMBER | |
| Classification number | 83.46 |
| Source of number | bcl |
| 245 00 - TITLE STATEMENT | |
| Title | Development and Climate Change/ |
| Statement of responsibility, etc | The World Bank |
| 246 30 - VARYING FORM OF TITLE | |
| Title proper/short title | Development and climate change |
| 260 ## - PUBLICATION, DISTRIBUTION, ETC. (IMPRINT) | |
| Place of publication, distribution, etc | Washington, DC : |
| Name of publisher, distributor, etc | World Bank, 2010 |
| Date of publication, distribution, etc | c2010. |
| 300 ## - PHYSICAL DESCRIPTION | |
| Extent | xxi, 417 p. : |
| Other physical details | col. ill., col. maps ; |
| Dimensions | 27 cm. |
| 490 ## - Series Statement | |
| Series statement | World development report |
| 500 ## - GENERAL NOTE | |
| General note | " ... a product of the staff of the International Bank for Reconstruction and Development/The World Bank."--Verso of title page. |
| 504 ## - BIBLIOGRAPHY, ETC. NOTE | |
| Bibliography, etc | Includes bibliographic references and index. |
| 505 0# - FORMATTED CONTENTS NOTE | |
| Formatted contents note | Overview: Changing the climate for development. 1. Understanding the links between climate change and development. -- 2. Reducing human vulnerability: Helping people help themselves. -- 3. Managing land and water to feed nine billion people and protect natural systems. --- 4. Energizing development without compromising the climate. -- 5. Integrating development into the global climate regime. -- 6. Generating the funding needed for mitigation and adaptation. -- 7. Accelerating innovation and technology diffusion. -- 8. Overcoming behavioral; and institutional inertia. |
| 650 #0 - SUBJECT ADDED ENTRY--TOPICAL TERM | |
| Topical term or geographic name as entry element | Economic development |
| General subdivision | Environmental aspects. |
| 9 (RLIN) | 12490 |
| 650 #0 - SUBJECT ADDED ENTRY--TOPICAL TERM | |
| Topical term or geographic name as entry element | Climatic changes |
| General subdivision | Economic aspects. |
| 9 (RLIN) | 12491 |
| 650 #0 - SUBJECT ADDED ENTRY--TOPICAL TERM | |
| Topical term or geographic name as entry element | Climatic changes |
| General subdivision | Environmental aspects. |
| 9 (RLIN) | 12492 |
| 650 #0 - SUBJECT ADDED ENTRY--TOPICAL TERM | |
| Topical term or geographic name as entry element | Economic geography. |
| 9 (RLIN) | 12493 |
| 710 2# - ADDED ENTRY--CORPORATE NAME | |
| Corporate name or jurisdiction name as entry element | World Bank. |
| 9 (RLIN) | 12494 |
| 942 ## - ADDED ENTRY ELEMENTS (KOHA) | |
| Source of classification or shelving scheme | Dewey Decimal Classification |
| Item type | Book - Borrowing |
| Withdrawn status | Item status | Source of classification or shelving scheme | Damaged status | Not for loan | Vendor | Home library | Current library | Shelving location | Date acquired | Source of acquisition | Cost, normal purchase price | Serial Enumeration / chronology | Total Checkouts | Full call number | Barcode | Date last seen | Koha item type |
|---|---|---|---|---|---|---|---|---|---|---|---|---|---|---|---|---|---|
| Dewey Decimal Classification | MERIC | Central Library | Central Library | First floor | 11/03/2010 | 93.10 | 10029 | 363.7 CLI | 000020158 | 15/07/2025 | Book - Borrowing |